|
|
|
|
| LEADER |
00756nam a22002412a 4500 |
| 001 |
001716893 |
| 003 |
CZ BrMZK |
| 005 |
20191115075805.0 |
| 007 |
ta |
| 008 |
191114s1927 xr er|||||||||||cze d |
| 015 |
|
|
|a cnb000930943
|
| 020 |
|
|
|q (Brož.)
|
| 035 |
|
|
|a (OCoLC)63110423
|
| 040 |
|
|
|a ABA001
|b cze
|c ABA001
|d ABA001
|d BOA001
|e aacr2
|
| 100 |
1 |
|
|a Bartuška, Josef,
|d 1898-1963
|7 jk01011013
|4 aut
|
| 245 |
1 |
0 |
|a Brouček v růžové zahradě :
|b poesie /
|c Josef Bartuška
|
| 260 |
|
|
|a [Břeclav :
|b Vavřík a Chlanda],
|c 1927
|
| 300 |
|
|
|a 31 s. ;
|c 14 cm
|
| 500 |
|
|
|a 100 výt. na japanu
|
| 910 |
|
|
|a BOA001
|b 1-0095.000
|
| 990 |
|
|
|a BK
|
| 991 |
|
|
|b 201911
|
| 996 |
6 |
|
|b 2618962379
|c 1-0095.000
|l MZK
|r Sklad / do 1 hodiny
|n 1
|w 001767976
|u 000010
|a 1
|e BOA001
|j MZK50
|s P
|